<?xml version="1.0" encoding="UTF-8"?>
<record
    xmlns:xsi="http://www.w3.org/2001/XMLSchema-instance"
    xsi:schemaLocation="http://www.loc.gov/MARC21/slim http://www.loc.gov/standards/marcxml/schema/MARC21slim.xsd"
    xmlns="http://www.loc.gov/MARC21/slim">

  <leader>00744nam a22001937a 4500</leader>
  <controlfield tag="005">20120912164212.0</controlfield>
  <datafield tag="010" ind1=" " ind2=" ">
    <subfield code="a">B-483224</subfield>
  </datafield>
  <datafield tag="020" ind1=" " ind2=" ">
    <subfield code="c">200.00.</subfield>
  </datafield>
  <datafield tag="035" ind1=" " ind2=" ">
    <subfield code="a">B-483224</subfield>
  </datafield>
  <datafield tag="037" ind1=" " ind2=" ">
    <subfield code="b">BPPD</subfield>
  </datafield>
  <datafield tag="100" ind1=" " ind2=" ">
    <subfield code="a">&#x631; &#x636;&#x64A;&#x6C1; &#x62D;&#x644;&#x64A;&#x645; &#x62C;&#x646;&#x6AF;</subfield>
    <subfield code="9">52874</subfield>
  </datafield>
  <datafield tag="245" ind1=" " ind2=" ">
    <subfield code="a">&#x635;&#x62F; &#x627; &#x6D3; &#x62F; &#x644;</subfield>
    <subfield code="c">&#x631; &#x636;&#x64A;&#x6C1; &#x62D;&#x644;&#x64A;&#x645; &#x62C;&#x646;&#x6AF; </subfield>
    <subfield code="b">(&#x634;&#x639;&#x631; &#x6CC; &#x645;&#x62C;&#x645;&#x648; &#x639;&#x6C1;</subfield>
  </datafield>
  <datafield tag="246" ind1=" " ind2=" ">
    <subfield code="a">Sada-e- Dil</subfield>
    <subfield code="b">By Begum Razia Halim Jung</subfield>
  </datafield>
  <datafield tag="260" ind1=" " ind2=" ">
    <subfield code="a"> &#x62C;&#x627; &#x645;&#x639;&#x6C1; &#x646;&#x6AF;&#x631;&#x60C;&#x646;&#x626; &#x62F;&#x6BE;&#x644;&#x6CC;</subfield>
    <subfield code="b">&#x645;&#x6A9;&#x62A;&#x628;&#x6C1; &#x62C;&#x627; &#x645;&#x639;&#x6C1; &#x644;&#x645;&#x64A;&#x679;&#x688;</subfield>
    <subfield code="c">2011</subfield>
  </datafield>
  <datafield tag="300" ind1=" " ind2=" ">
    <subfield code="a">155+4 &#x635;</subfield>
    <subfield code="c">22 Cm.(B.b)     </subfield>
  </datafield>
  <datafield tag="500" ind1=" " ind2=" ">
    <subfield code="a">&#x62F;&#x648; &#x62D;&#x635;&#x6C1;</subfield>
  </datafield>
  <datafield tag="942" ind1=" " ind2=" ">
    <subfield code="2">ddc</subfield>
    <subfield code="c">UR</subfield>
    <subfield code="h">841</subfield>
    <subfield code="m">&#x631; &#x636; &#x6CC;</subfield>
  </datafield>
  <datafield tag="999" ind1=" " ind2=" ">
    <subfield code="c">70535</subfield>
    <subfield code="d">70535</subfield>
  </datafield>
  <datafield tag="952" ind1=" " ind2=" ">
    <subfield code="0">0</subfield>
    <subfield code="1">0</subfield>
    <subfield code="4">0</subfield>
    <subfield code="7">0</subfield>
    <subfield code="8">NFIC</subfield>
    <subfield code="a">L</subfield>
    <subfield code="b">L</subfield>
    <subfield code="d">2012-10-05</subfield>
    <subfield code="e">K.KPub./7/42/22/20.03.12/24/17.04.12/19.06.12</subfield>
    <subfield code="g">200.00</subfield>
    <subfield code="l">4</subfield>
    <subfield code="o">841 &#x631; &#x636; &#x6CC;</subfield>
    <subfield code="p">B-483224</subfield>
    <subfield code="r">2021-04-07 00:00:00</subfield>
    <subfield code="s">2021-04-01</subfield>
    <subfield code="t">1</subfield>
    <subfield code="v">200.00</subfield>
    <subfield code="w">2012-10-05</subfield>
    <subfield code="y">UR</subfield>
  </datafield>
</record>
